Not again Gogo! / (Record no. 797719)
[ view plain ]
| 000 -LEADER | |
|---|---|
| fixed length control field | 00764nam a22002417b 4500 |
| 003 - CONTROL NUMBER IDENTIFIER | |
| control field | 3228 |
| 005 - DATE AND TIME OF LATEST TRANSACTION | |
| control field | 20260505104228.0 |
| 008 - FIXED-LENGTH DATA ELEMENTS--GENERAL INFORMATION | |
| fixed length control field | 260505b sa a|||j |||| 00| 1 eng d |
| 020 ## - INTERNATIONAL STANDARD BOOK NUMBER | |
| International Standard Book Number | 9780796030283 (paperback) |
| 040 ## - CATALOGING SOURCE | |
| Original cataloging agency | MPL |
| Language of cataloging | eng |
| Transcribing agency | 3228 |
| Description conventions | Resource Description and Access |
| 041 ## - LANGUAGE CODE | |
| Language code of text/sound track or separate title | English |
| 082 #0 - DEWEY DECIMAL CLASSIFICATION NUMBER | |
| Classification number | ETF BRAI |
| 100 ## - MAIN ENTRY--PERSONAL NAME | |
| 9 (RLIN) | 5626 |
| Personal name | Brain, Helen |
| Relator term | author |
| 245 ## - TITLE STATEMENT | |
| Title | Not again Gogo! / |
| Remainder of title | by Helen Brain ; illustrations by Pippa Lugg |
| 260 ## - PUBLICATION, DISTRIBUTION, ETC. | |
| Place of publication, distribution, etc. | Pietermaritzburg : |
| Name of publisher, distributor, etc. | Shuter & Shooter , |
| Date of publication, distribution, etc. | 2007. |
| 300 ## - PHYSICAL DESCRIPTION | |
| Extent | 28 pages : |
| Other physical details | illustrations ; |
| Dimensions | 21 cm |
| 490 ## - SERIES STATEMENT | |
| Series statement | Key Readers |
| Volume/sequential designation | Blue Level Reader |
| 655 #0 - INDEX TERM--GENRE/FORM | |
| 9 (RLIN) | 188476 |
| Genre/form data or focus term | Youth Fiction |
| 655 #0 - INDEX TERM--GENRE/FORM | |
| 9 (RLIN) | 188670 |
| Genre/form data or focus term | Human Relations Fiction |
| 655 #0 - INDEX TERM--GENRE/FORM | |
| 9 (RLIN) | 188624 |
| Genre/form data or focus term | Family Stories |
| 700 ## - ADDED ENTRY--PERSONAL NAME | |
| 9 (RLIN) | 177289 |
| Personal name | Lugg, Pippa |
| Relator term | illustrator |
| 942 ## - ADDED ENTRY ELEMENTS | |
| Source of classification or shelving scheme | Dewey Decimal Classification |
| item type | Books |
| -- | 296 |
| -- | Phillipina Naude |
| -- | 296 |
| -- | Phillipina Naude |
| Withdrawn status | Lost status | Source of classification or shelving scheme | Damaged status | Not for loan | Collection code | Home library | Current library | Shelving location | Date acquired | Total Checkouts | Full call number | Barcode | Date last seen | Price effective from | item type | Public note |
|---|---|---|---|---|---|---|---|---|---|---|---|---|---|---|---|---|
| Dewey Decimal Classification | Fiction | Klipfontein PL (MMID-PLEM-KLIP) | Klipfontein PL (MMID-PLEM-KLIP) | Children's Area | 05.05.2026 | ETF BRAI | 33228022667974 | 05.05.2026 | 05.05.2026 | Books | 0940098280 |